Akgünlerin şafağında (Record no. 4578)

MARC details
000 -BAŞLIK
Sabit Uzunlukta Kontrol Alanı 00697na a2200217 4500
001 - KONTROL NUMARASI
Denetim Alanı 16078
003 - KONTROL NUMARASI IDENTIFIER
Denetim Alanı MIRAKIL
005 - SON İŞLEM TARİHİ VE ZAMANI
Denetim Alanı 20181213155011.0
008 - SABİT-BOY VERİ ELEMANLARI - GENEL BİLGİLER
Sabit Uzunlukta Kontrol Alanı 160929b tu 000 0
035 ## - SİSTEM KONTROL NUMARASI
Sistem Kontrol Numarası 16078
040 ## - KATALOGLAMA KAYNAK
Orijinal Kataloglama Ajansı Milas
Kataloglama Dili tur
Metne Dönüştürmek Ajansı TR-AnCHP
082 ## - DEWEY ONLU SINIFLANDIRMA NUMARASI
Sınıflandırma Numarası CHP 324.3
Ürün Numarası A39 1976
090 ## - SINIFLAMA NUMARASI
Sınıflama Numarası CHP 324.3 A39 1976
111 ## - ANA GİRİŞ - TOPLANTI ADI
Giriş Elemanı Olarak Toplantı Adı Veya Yargı Alanı Adı CHP Gençlik Kolları 8. Kurultayı
Toplantı Veya Antlaşma İmzalandığı Tarihi 1976
245 ## - BAŞLIK TABLOSU
Başlık Akgünlerin şafağında
Başlığın Kalan Chp gençlik kolları 8. kurultayı 1976
Sorumluluk Tablosu, Vb M. Celal Duru
246 ## - UNVAN FORM VARYING
Başlık Doğru / Kısa Başlığı Akgünlerin şafağında
260 ## - YAYIN, DAĞITIM, VB
Yayın, Dağıtım, Vb Yeri [y.y.]
Yayıncı, Dağıtıcı, Vs Adı [yay.y.]
Yayın, Dağıtım, Vb Tarihi 1976
Üretici Firma Halkevleri Kültür Vakfı Yayınları
300 ## - FİZİKSEL TANIM
Kapsam 201 s.
Diğer Fiziksel Ayrıntıları ftg.
Boyutlar 23 sm.
610 ## - KONU KATMA GİRİŞ - TOPLANTI ADI
Giriş Elemanı Olarak Kurumsal Ad Veya Yargı Alanı Adı CHP
Genel Alt Bölüm Gençlik Kolları Kurultayı
Kronolojik Alt Bölüm 1976
942 ## - EKLENDİ GİRİŞ ELEMANLARI (KOHA)
Sınıflandırma Veya Raf Düzeni Kaynak Dewey Decimal Classification
Koha Öğesi Türü Books
999 ## - SİSTEM KONTROL NUMARALARI (KOHA)
Koha Biblionumber 4578
Koha Biblioitemnumber 4578
Holdings
Kalıcı Konum Mevcut Konum Edinme Tarihi Edinim Kaynak Toplam Check-Out'Lar Tam Çağrı Numarası Barkod Tarih Son Görülme İtibaren Geçerli Fiyatlar Koha Öğesi Türü Kopya Sayısı
CHP Kütüphanesi CHP Kütüphanesi 09/29/2016 Bağış   CHP 324.3 A39 1976 004664 09/29/2016 09/29/2016 Books  
CHP Kütüphanesi CHP Kütüphanesi 09/29/2016 Bağış   CHP 324.3 A39 1976 004665 09/29/2016 09/29/2016 Books k.2